Improve your memory in 21 days

Bibliographic Details
Main Author: Booth, Angela
Format: Book
Published: Sydney : Prentice Hall , 1997
Subjects:

MARC

LEADER 00000cam a2200000 7i4500
001 0000023288
002 000025184
005 20000330.0
020 |a 0724806407 
090 0 0 |a 153.14   |b BOO 
100 0 |a Booth, Angela 
245 1 0 |a Improve your memory in 21 days   |c Angela Booth 
260 |a Sydney :   |b Prentice Hall ,   |c 1997 
300 |a 144 p. :   |b ill. ;   |c 24 cm. 
650 0 0 |a Memory 
650 0 0 |a Mnemonics 
999 |a 076491   |b BUKU   |c PINJAMAN   |e PERPUSTAKAAN KOMUNITI PETALING JAYA 
999 |a 076492   |b BUKU   |c PINJAMAN   |e PERPUSTAKAAN KOMUNITI PETALING JAYA